| 000 | 00656nam a2200193 a 4500 | ||
|---|---|---|---|
| 001 | 000042981 | ||
| 005 | 20201002040540.0 | ||
| 008 | 140214s1976 sp ac 000 0 spa d | ||
| 020 | _a8471552140 | ||
| 040 |
_aDO-SdBNP _bspa _cBNPHU |
||
| 100 | 1 |
_aMatji, Manuel. _970479 |
|
| 245 | 1 | 0 |
_aCaminos abiertos Charles Chaplin / _ctexto, Manuel Matji ; textos complementarios y documentación, Manuel Baldomero y Gloria Martínez. |
| 260 |
_aMadrid : _bHernando, _c1976. _bil.,retrs. |
||
| 300 |
_a163 p. ; _c23 cm. |
||
| 490 | 1 | _aCaminos abiertos | |
| 700 | 1 |
_aBaldomero, Manuel _970480 |
|
| 700 | 1 |
_aMartínez, Gloria _970481 |
|
| 830 | 0 |
_aCaminos abiertos _970482 |
|
| 999 |
_c42470 _d42470 |
||